000
00328nam a22001457a 4500
008
230324b ||||| |||| 00| 0 eng d
020
_a
9781451194258
041
_a
eng
080
_2
FIFTH EDITION
_a
61
082
_a
61BOR
100
_a
4
101
_a
MJEKSI
245
_a
SINGS &SYMPTOMS
_c
ANDREA BORCHERS
942
_2
udc
_c
BK
999
_c
59451
_d
59451